LEADER 01345nas a2200253 i 4500 001 000000001985 003 CaOOAMICUS 005 20180830125435.0 008 180830s1949 it uu u0 0ita r 022 $a0067-7418 040 $aSeMil$bita 245 10$aBibliografia Filosofica Italiana. 260 $aMilano :$bMarzorati,$c1949. 500 $aConsistenza: 1. (1949) - . 500 $aFino all'ultimo numero del 2018, 'la catalogazione della rivista è stata effettuata fascicolo per fascicolo. - A partire dal 2019, invece, si troverà solo l'indicazione dell'ultimo fascicolo ricevuto nella nota CONSISTENZA. 500 $aNelle NOTE DI CONTENUTO, qui sotto indicate, si potranno trovare i titoli, spesso tratti dalla copertina, dei singoli fascicoli MONOGRAFICI. 700 1 $aFondazione Centro Studi Filosofici di Gallarate .$0(OLS)http://semarc/name/1758 774 0 $t[Annate 1949-1999].$w()129723 850 $aSeMil 852 $aSeMil$W1$xVenegono$y1$m151-1-1ss.$j215878$qCollocazione provvisoria (annata in corso): 195$B228267$CSeMilBibl$Z2$F228267 $85 961 $aCambio: La Scuula Cattolica 996 $6022$a0067-7418$9(OLS)http://semarc/number/167 996 $6245$aBibliografia Filosofica Italiana$9(OLS)http://semarc/title/3287 996 $6260$aMilano :$bMarzorati$9(OLS)http://semarc/publisher/29683 LEADER 01633nas a2200265 i 4500 001 000000002396 003 CaOOAMICUS 005 20210607144952.0 008 180830c19409999it tr p u0 0ita r 022 $a0022-6955 040 $aSeMil$bita 245 00$aJus :$brivista di scienze giuridiche /$cpubblicata per cura dell'Università Cattolica del Sacro Cuore. 260 $aMilano :$bVita e Pensiero,$c1940- 310 $aQuadrimestrale 362 0 $a1940- 500 $aSospese le pubblicazioni negli anni 1944-1949 e 1970-1973. 510 4 $aCod. rivista ACNP:$cP 21240 710 2 $aUniversità Cattolica del Sacro Cuore : Facoltà di Giurisprudenza.$0(OLS)http://semarc/name/1999 850 $aSeMil 852 $aSeMil$W1$xVenegono$y1$pCliccare per visualizzare collocazione, posseduto cumulativo e fascicoli ricevuti dell?annata corrente

Cliccare per visualizzare eventuali spogli (alla eventuale voce ?Indici? in fondo di pagina)$B227120$CSeMilBibl$Z2$F227120 $85 961 $aAbbonamento. Vita e Pensiero 996 $6022$a0022-6955$9(OLS)http://semarc/number/318 996 $6245$aJus :$brivista di scienze giuridiche$9(OLS)http://semarc/title/4026 996 $6260$aMilano :$bVita e Pensiero$9(OLS)http://semarc/publisher/29642